000 01091nam a22003017a 4500
003 URS
005 20240712175509.0
008 200221t2022 ph ||||| |||| 00| 0 eng d
020 _a978-621-451-029-0
040 _cDLC
_aDLC
_beng
_dURS
_dDLC
_erda
050 1 4 _aPN 2071.S65
_bSp321 2022
082 _a793.31
_bSp321 2022
100 _4author
_aBlanco, Felimon Bonita.
245 0 0 _aSpeech and theater arts /
_cFelimon Bonita Blanco, PhD, Lito L. Diones, DA, Monique Escalada-Cordova, DA, and Janet A. Mananay, EdD.
264 1 _aQuezon City :
_bLorimar Publishing Inc.,
_c[2022]
264 4 _ccopyright 2022
300 _axiv, 177 pages ;
_c24 cm
336 _2rdacontent
_atext
_btxt
337 _2rdamedia
_bunmediated
_an
338 _2rdacarrier
_bvolume
_anc
504 _aIncludes bibliographical references (pages 175-177)
650 0 _aSpeech acts (Linguistics)
_xStudy and teaching
650 0 _aTheater
_xStudy and teaching
700 1 _aDiones, Lito L.
_eauthor
700 1 _aEscalada-Cordova, Monique.
_eauthor
700 1 _aMananay, Janet A.
_eauthor
942 _2ddc
_cF
999 _c78146
_d78145